Online
Catalog

Desde la diáspora = from the diaspora : (Record no. 7040)

MARC details
000 -CABECERA
campo de control de longitud fija 00789nam a2200193 a 4500
001 - NÚMERO DE CONTROL
campo de control 000007259
005 - FECHA Y HORA DE LA ÚLTIMA TRANSACCIÓN
campo de control 20240409073824.0
008 - DATOS DE LONGITUD FIJA--INFORMACIÓN GENERAL
campo de control de longitud fija 090907s2005 xxua 001 p spa d
020 ## - NÚMERO INTERNACIONAL ESTÁNDAR DEL LIBRO
Número Internacional Estándar del Libro 097656470X
040 ## - FUENTE DE LA CATALOGACIÓN
Centro catalogador/agencia de origen DO-SdBNP
Lengua de catalogación spa
Centro/agencia transcriptor BNPHU
082 ## - NÚMERO DE LA CLASIFICACIÓN DECIMAL DEWEY
Número de clasificación RD861.5
Número de documento/Ítem L864
245 00 - MENCIÓN DE TÍTULO
Título Desde la diáspora = from the diaspora :
Resto del título cuentos y poemas de niños y niñas dominicanos = anthology of dominican childrens writings /
Mención de responsabilidad, etc. compiladores Michael López ,Pastora Hernández, Yrene Santos, Mary Ely Peña- Gratereaux.
260 ## - PUBLICACIÓN, DISTRIBUCIÓN, ETC.
Lugar de publicación, distribución, etc. New york :
Nombre del editor, distribuidor, etc. Cayena,
Fecha de publicación, distribución, etc. 2005.
300 ## - DESCRIPCIÓN FÍSICA
Extensión 93 p. :
Otras características físicas il. ;
Dimensiones 22 cm.
500 ## - NOTA GENERAL
Nota general Incluye datos biográficos.
650 #4 - PUNTO DE ACCESO ADICIONAL DE MATERIA--TÉRMINO DE MATERIA
Término de materia o nombre geográfico como elemento de entrada Poesía infantil dominicana
Subdivisión general Colecciones
9 (RLIN) 20146
650 #0 - PUNTO DE ACCESO ADICIONAL DE MATERIA--TÉRMINO DE MATERIA
Término de materia o nombre geográfico como elemento de entrada Cuentos infantiles dominicanos
9 (RLIN) 505
650 #4 - PUNTO DE ACCESO ADICIONAL DE MATERIA--TÉRMINO DE MATERIA
Término de materia o nombre geográfico como elemento de entrada Literatura infantil dominicana
9 (RLIN) 441
Holdings
Estado de retiro Estado de pérdida Restricciones de uso No para préstamo Código de colección Localización permanente Ubicación/localización actual Ubicación en estantería Fecha de adquisición Número de inventario Total de préstamos Signatura topográfica completa Código de barras Fecha visto por última vez Número de copia Precio válido a partir de Tipo de ítem Koha
        Monografías: Libros y Folletos General General Depósito 07.09.2009 LF1   RD861.5 L864 7259-30 25.06.2020 e. 3 25.06.2020 Préstamo en sala
        Monografías: Libros y Folletos General General Depósito 21.06.2013 LF1   RD861.5 L864 7259-40 25.06.2020 e. 4 25.06.2020 Préstamo en sala
      Excluido de préstamo Monografías: Libros y Folletos Patrimonio Dominicano Patrimonio Dominicano Depósito 07.09.2009 LF1   RD861.5 L864 7259-10 25.06.2020   25.06.2020 No se presta
      Excluido de préstamo Monografías: Libros y Folletos Patrimonio Dominicano Patrimonio Dominicano Depósito 07.09.2009 LF1   RD861.5 L864 7259-20 25.06.2020 e. 2 25.06.2020 No se presta

Powered by Koha